| 000 | 00392 a2200169 4500 | ||
|---|---|---|---|
| 001 | 189683 | ||
| 020 | _a85-260-0696-7 | ||
| 040 | _cMagnum | ||
| 100 | _aFurnari, Eva | ||
| 240 | 1 | 0 |
_aOs problemas da família Gorgonzola _lpor |
| 245 | 1 | 0 | _aOs problemas da família Gorgonzola |
| 300 | _a24 | ||
| 362 | 0 | _a2004 | |
| 440 | 1 | _aGlobal | |
| 697 | _aLITERATURA INFANTO-JUVENIL | ||
| 942 | _cBK | ||
| 999 |
_c189683 _d189683 |
||